Top 15 Countries with Covid-19 Cases - 18 September - Statistics

General Stats
  • This quiz has been taken 38 times
  • The average score is 15 of 24
Answer Stats
country % Correct
United States
97%
Brazil
89%
France
89%
India
89%
Mexico
89%
United Kingdom
89%
Russia
86%
Spain
86%
Argentina
81%
Colombia
70%
Chile
68%
Chile
68%
Iran
65%
Peru
65%
South Africa
62%
Bangladesh
46%
Israel
41%
Panama
38%
Kuwait
30%
Qatar
30%
Bahrain
27%
Costa Rica
27%
Oman
27%
Armenia
22%
No matching quizzes found
Score Distribution
Percent of People with Each Score
Percentile by Number Answered
Your Score History
You have not taken this quiz